مسائل الخلاف في: "كتاب أسرار العربية" لأبي البركات الأنباري (دراسة موازنة مع كتابه الإنصاف في مسائل الخلاف) = Issues of disagreement in the Book "Assrar AL Arabiya" by Abu al-Barakat al-Anbari (a balance study with his book “AL- Ensaf Fe Mas'al AL- Khelaf”) (Record no. 34167)
[ view plain ]
| 000 -LEADER | |
|---|---|
| fixed length control field | 01024nam a22001817a 4500 |
| 003 - CONTROL NUMBER IDENTIFIER | |
| control field | JO-AjAnu |
| 005 - DATE AND TIME OF LATEST TRANSACTION | |
| control field | 20260418073926.0 |
| 008 - FIXED-LENGTH DATA ELEMENTS--GENERAL INFORMATION | |
| fixed length control field | 260418b jo ||||| |||| 00| 0 ara d |
| 040 ## - CATALOGING SOURCE | |
| Original cataloging agency | ANU |
| Transcribing agency | JO-AjAnu |
| 041 ## - LANGUAGE CODE | |
| Language code of original | ARA |
| 100 ## - MAIN ENTRY--PERSONAL NAME | |
| Personal name | الخشان، سفانة جمال محمود |
| Relator term | معد |
| 9 (RLIN) | 66938 |
| 245 ## - TITLE STATEMENT | |
| Title | مسائل الخلاف في: "كتاب أسرار العربية" لأبي البركات الأنباري (دراسة موازنة مع كتابه الإنصاف في مسائل الخلاف) = Issues of disagreement in the Book "Assrar AL Arabiya" by Abu al-Barakat al-Anbari (a balance study with his book “AL- Ensaf Fe Mas'al AL- Khelaf”) |
| Statement of responsibility, etc. | / سفانة جمال محمود الخشان |
| 260 ## - PUBLICATION, DISTRIBUTION, ETC. | |
| Place of publication, distribution, etc. | عجلون: |
| Name of publisher, distributor, etc. | جامعة عجلون الوطنية، |
| Date of publication, distribution, etc. | 2026 |
| 300 ## - PHYSICAL DESCRIPTION | |
| Extent | 118 ورقة |
| 500 ## - GENERAL NOTE | |
| General note | رسالة جامعية( رسالة ماجستير في اللغة العربية وآدابها-كلية الآداب) ؛ 2026 |
| 650 ## - SUBJECT ADDED ENTRY--TOPICAL TERM | |
| Form subdivision | اللغة العربية-نحو |
| 942 ## - ADDED ENTRY ELEMENTS (KOHA) | |
| Source of classification or shelving scheme | Library of Congress Classification |
| Koha item type | Thesis |
| Suppress in OPAC | No |
No items available.